[Event "Copenhagen op16"]
[Site "Copenhagen"]
[Date "1994.??.??"]
[Round "9"]
[White "Nielsen, Peter Heine"]
[Black "Lyrberg, Patrik"]
[Result "1/2-1/2"]
[WhiteElo "2475"]
[BlackElo "2415"]

1.e4 c5 2.Nf3 Nc6 3.d4 cxd4 4.Nxd4 Nf6 5.Nc3 d6 6.Bg5 Bd7 7.Qd2 Rc8 8.O-O-O Nxd4
9.Qxd4 Qa5 10.Bd2 Qc5 11.Qxc5 Rxc5 12.Be3 Rxc3 13.bxc3 Nxe4 14.Bxa7 g6 15.Bd4 e5
16.f3 exd4 17.fxe4 dxc3 18.Bc4 Ke7 19.Rhf1 Bh6+ 20.Kb1 Rf8 21.Rd3 Bd2 22.Rdf3 f6
23.Ka1 b5 24.Bd3 Bc6 25.Rb1 Ra8 26.Rbf1 Rf8 27.Rb1 Ke6 28.Rb4 Ke5 29.Rf1 Ra8
30.Bxb5 Bb7 31.Bd3 Bc6 32.Rfb1 Be3 33.Bb5 Bxb5 34.Rxb5+ Bc5 35.Rb7 Ra4 36.Rxh7 g5
37.Re7+ Kd4 38.Rd1+ Ke3 39.Re6 Ke2 40.Rd3 Rb4 41.Rxf6 Be3 42.a3 Rb8 43.Rf3 Bd2
44.Rxc3 g4 45.Rfd3 Bxc3+ 46.Rxc3 Kd2 47.Rb3 Rh8 48.Kb2 Rxh2 49.Rg3 Rh8 50.a4 Rc8
51.Rd3+ Ke2 52.g3 Rc4 53.a5 Rxe4 54.a6 Kf2 55.a7 Re8 56.Ra3 Ra8 57.c4 Kg2
58.Kc2 Kf2 59.Kd2 Kg2 60.Ke2 Kh2 61.Kf2 Rf8+ 62.Ke2 Ra8 63.Kd2 Kg2 64.Kc3 Kxg3
65.Kb4+ Kf2 66.c5 dxc5+ 67.Kxc5 g3 68.Kb6 g2 69.Ra1 Rxa7 70.Kxa7 g1=Q 71.Rxg1  1/2-1/2

[Event "CZE-ch"]
[Site "?"]
[Date "1994.??.??"]
[Round "10"]
[White "Jurasek, Miroslav"]
[Black "Walek, Milan"]
[Result "0-1"]
[WhiteElo "2350"]
[BlackElo "2315"]

1.e4 c5 2.Nf3 d6 3.d4 cxd4 4.Nxd4 Nf6 5.Nc3 Nc6 6.Bg5 e6 7.Bb5 Bd7 8.Bxc6 bxc6
9.Qf3 h6 10.Bh4 Qb6 11.Nb3 Be7 12.e5 dxe5 13.Bxf6 Bxf6 14.Ne4 Be7 15.O-O-O Qc7
16.Nbc5 Bc8 17.Kb1 O-O 18.h4 Rb8 19.Qe3 Rb4 20.g3 Qb6 21.Nd3 Qxe3 22.fxe3 Ra4
23.Nxe5 c5 24.Nc6 Bf6 25.Nxc5 Rc4 26.b4 Bb7 27.Nxb7 Rxc6 28.Na5 Rc3 29.Rd3 Rfc8
30.Rh2 Be7 31.a3 Rxd3 32.cxd3 Rc3 33.Nc4 Rxd3 34.Rd2 Rxd2 35.Nxd2 h5 36.Kc2 Bd6
37.Nf1 Kf8 38.Kd3 Ke7 39.Kc4 Kd7 40.Kb5 Kc7 41.Ka6 Kb8 42.e4 f6 43.b5 Bxa3
44.b6 axb6 45.Kxb6 Kc8 46.Kc6 Kd8 47.Kb5 g5 48.Kc4 Bc1 49.hxg5 fxg5 50.Kd4 Bb2+
51.Kd3 Ke7 52.Ke3 Bc1+ 53.Ke2 g4 54.Kd3 Kf6 55.Nh2 Kg5 56.Nf1 h4 57.e5 hxg3
58.Nxg3 Bf4 59.Ne4+ Kf5  0-1

[Event "CZE-ch"]
[Site "?"]
[Date "1994.??.??"]
[Round "10"]
[White "Jansa, Vlastimil"]
[Black "Votava, Jan"]
[Result "1-0"]
[WhiteElo "2515"]
[BlackElo "2410"]

1.e4 c5 2.Nf3 d6 3.d4 cxd4 4.Nxd4 Nf6 5.Nc3 Nc6 6.Bg5 e6 7.Qd2 a6 8.O-O-O h6
9.Be3 Be7 10.f3 Qc7 11.g4 Ne5 12.h4 b5 13.Qg2 b4 14.Nb1 Nfd7 15.Nd2 Bb7 16.g5 Nf8
17.f4 Nc6 18.Nxc6 Qxc6 19.Bd3 hxg5 20.hxg5 Rxh1 21.Qxh1 Bd8 22.Qh8 g6 23.f5 a5
24.fxg6 fxg6 25.e5  1-0

[Event "CZE-chT"]
[Site "?"]
[Date "1994.??.??"]
[Round "?"]
[White "Krcmar, Zdenek"]
[Black "Lanc, Alois"]
[Result "0-1"]
[WhiteElo "2255"]
[BlackElo "2435"]

1.e4 c5 2.Nf3 Nc6 3.d4 cxd4 4.Nxd4 Nf6 5.Nc3 d6 6.Bg5 e6 7.Qd2 h6 8.Be3 Ng4
9.Nxc6 bxc6 10.Bf4 e5 11.Bg3 Be7 12.Bc4 Nf6 13.O-O-O O-O 14.Kb1 Rb8 15.Bb3 Rb4
16.f3 a5 17.Bf2 Be6 18.Qe2 Qa8 19.Be1 Rfb8 20.Na4 R4b5 21.Bxe6 fxe6 22.c4 R5b7
23.Bc3 Qa6 24.Rd2 c5 25.b3 Nd7 26.Rhd1 Nb6 27.Nxb6 Rxb6 28.Rb2 a4 29.Kc2 Bf6
30.Qd3 Bh4 31.f4 axb3+ 32.axb3 Qb7 33.fxe5 dxe5 34.Bxe5 Rf8 35.g3 Bf6 36.Bxf6 Rxf6
37.Rd2 Ra6 38.e5 Rf8 39.Re2 Ra1 40.Rb1 Ra2+ 41.Rb2 Ra1 42.Rb1 Rxb1 43.Kxb1 Rf1+
44.Kc2 Qa8 45.Kd2 h5 46.h3 Qa1 47.Qd8+ Kh7 48.Qd3+ g6 49.Ke3 Qxe5+ 50.Kd2 Qb2+
51.Ke3 Qf6 52.Kd2 Rf3 53.Re3 Rf2+ 54.Re2 Rf3 55.Re3 Qb2+ 56.Kd1 Rf2 57.Ke1 Rh2
58.Re2 Qc1+ 59.Qd1 Rh1+  0-1

[Event "CZE-chT"]
[Site "?"]
[Date "1994.??.??"]
[Round "?"]
[White "Novotny, Jaroslav"]
[Black "Banas, Jan"]
[Result "1-0"]
[WhiteElo "2330"]
[BlackElo "2390"]

1.e4 c5 2.Nf3 d6 3.d4 cxd4 4.Nxd4 Nf6 5.Nc3 Nc6 6.Bg5 e6 7.Qd2 a6 8.O-O-O Bd7
9.f4 h6 10.Bh4 g5 11.fxg5 Ng4 12.Bg3 hxg5 13.Be2 Nge5 14.Rhf1 Be7 15.Kb1 b5
16.Nf3 Nxf3 17.Rxf3 Qc7 18.Rd3 f6 19.Bxd6 Bxd6 20.Rxd6 Ne5 21.Rf1 Nf7 22.Rd3 Ne5
23.Rg3 Rxh2 24.Rxf6 Rh1+ 25.Rf1 Rxf1+ 26.Bxf1 O-O-O 27.Qxg5 Kb8 28.a3 Rf8
29.Bd3 Nc4 30.Bxc4 Qxc4 31.Qe5+ Kb7 32.b3 Qf1+ 33.Kb2 Qf4 34.Qxf4 Rxf4 35.Rf3 Rg4
36.g3 Kc7 37.Kc1 Bc6 38.Re3 Kd6 39.e5+ Kc5 40.Kd2 a5  1-0

[Event "CZE-chT"]
[Site "?"]
[Date "1994.??.??"]
[Round "?"]
[White "Schula, Michal"]
[Black "Firt, Stanislav"]
[Result "1/2-1/2"]
[WhiteElo "2270"]
[BlackElo "2380"]

1.e4 c5 2.Nf3 d6 3.d4 cxd4 4.Nxd4 Nf6 5.Nc3 Nc6 6.Bg5 e6 7.Qd2 a6 8.O-O-O Bd7
9.Nb3 b5 10.a3 Be7 11.f4 h6 12.Bxf6 gxf6 13.Be2 h5 14.Rhf1 Rc8 15.Kb1 Qb6
16.f5 Ne5 17.Nd4 Rc5 18.Qe3 Nc4 19.Bxc4 Rxc4 20.Qd3 Rg8 21.fxe6 fxe6 22.g3 Rg5
23.Nce2 Rgc5 24.c3 a5 25.b4 Re5 26.Rf4 axb4 27.axb4 d5 28.exd5 Rxd5 29.Rd2 f5
30.Ra2 Bg5 31.Ra8+ Rc8 32.Rxc8+ Bxc8 33.Rf1 Bb7 34.Qf3 Be7 35.Qxh5+ Kd7 36.Qf7 Re5
37.Rd1 Bd5 38.Nf4 Qc7 39.Nxd5 exd5 40.Nxf5 Qc4 41.Nxe7 Qb3+ 42.Kc1 Qxc3+  1/2-1/2

[Event "CZE-chT"]
[Site "?"]
[Date "1994.??.??"]
[Round "?"]
[White "Schula, Michal"]
[Black "Banas, Jan"]
[Result "1/2-1/2"]
[WhiteElo "2270"]
[BlackElo "2390"]

1.e4 c5 2.Nf3 d6 3.d4 cxd4 4.Nxd4 Nf6 5.Nc3 Nc6 6.Bg5 e6 7.Qd2 a6 8.O-O-O Bd7
9.f4 h6 10.Bxf6 Qxf6 11.Nf3 Qd8 12.Kb1 Qc7 13.g3 O-O-O 14.Bh3 Be7 15.Rhe1 Kb8
16.Ne2 Bc8 17.Ned4 Nxd4 18.Nxd4 Bf6 19.Bg2 g6 20.c3 h5 21.Qe2 h4 22.Bf3 hxg3
23.hxg3 Rh3 24.Rh1 Rdh8 25.Rxh3 Rxh3 26.Qg2 Rh8 27.Qd2 Rd8 28.Qe3 Rh8 29.Qd2 Bd7
30.Ne2 Ba4 31.b3 Bb5 32.c4 Bc6 33.Rh1 Rxh1+ 34.Bxh1 Kc8 35.Nd4 Bd7 36.Nc2 Qc5
37.Qe3 Qxe3 38.Nxe3 Bd4 39.Nf1 e5 40.Kc2 Bh3 41.Nd2 exf4 42.gxf4 Be3 43.f5 gxf5
44.exf5 Bxd2 45.Kxd2 Bxf5 46.Bd5 Be6 47.Be4 b6 48.Ke3 a5 49.Kd4 Kd7 50.a3 Ke7
51.b4 axb4 52.axb4 f5 53.Bc6 Bd7 54.Bf3 Kf6 55.Kd5 Be6+ 56.Kd4 f4 57.Be4 Bg4
58.Kd5 Ke7 59.c5 dxc5 60.bxc5 b5 61.Bd3  1/2-1/2

[Event "Hessen-ch"]
[Site "Doernigheim"]
[Date "1994.??.??"]
[Round "10"]
[White "Zude, Arno"]
[Black "Majer, Damir"]
[Result "1/2-1/2"]
[WhiteElo "2435"]
[BlackElo "2225"]

1.e4 c5 2.Nf3 Nc6 3.d4 cxd4 4.Nxd4 Nf6 5.Nc3 d6 6.Bg5 Bd7 7.Be2 Qa5 8.Bxf6 gxf6
9.O-O Rc8 10.Nb3 Qg5 11.f4 Qh4 12.g3 Rg8 13.Qe1 Qh3 14.Qf2 h5 15.Kh1 f5 16.Bf3 Bg7
17.Rae1 Kf8 18.Rg1 Bxc3 19.bxc3 fxe4 20.Bxe4 Qe6 21.Qf3 Qf6 22.Qxh5 Qxc3
23.Qf3 Qxf3+ 24.Bxf3 Nb4 25.Bxb7 Rxc2 26.Rg2 Rxa2 27.Rxa2 Nxa2 28.Ra1 Be6  1/2-1/2

[Event "Dresden op"]
[Site "Dresden"]
[Date "1994.??.??"]
[Round "?"]
[White "Mainka, Romuald"]
[Black "Kaminski, Uwe"]
[Result "1-0"]
[WhiteElo "2485"]
[BlackElo "2390"]

1.e4 c5 2.Nf3 d6 3.d4 cxd4 4.Nxd4 Nf6 5.Nc3 Nc6 6.Bg5 e6 7.Qd2 a6 8.O-O-O h6
9.Be3 Qc7 10.g3 Nxd4 11.Bxd4 e5 12.Be3 Be6 13.Kb1 Rc8 14.a3 Be7 15.g4 O-O
16.Nd5 Bxd5 17.exd5 e4 18.g5 hxg5 19.Bh3 Rce8 20.f4 g4 21.Bf1 Bd8 22.h3 Qa5
23.Qf2 g3 24.Qxg3 Nxd5 25.Bd4 Nf6 26.Rg1 g6 27.Bc4 d5 28.Be2 Qc7 29.Qg5 Nh7
30.Qxd5 Qc6 31.Qxc6 bxc6 32.Bc4 Nf6 33.Bxf6  1-0

[Event "Eger op"]
[Site "Eger"]
[Date "1994.??.??"]
[Round "4"]
[White "Sziebert, Adam"]
[Black "Bernal Moro, Luis Javier"]
[Result "1/2-1/2"]
[WhiteElo "2310"]
[BlackElo "2390"]

1.e4 c5 2.Nf3 d6 3.d4 cxd4 4.Nxd4 Nf6 5.Nc3 Nc6 6.Bg5 e6 7.Bb5 Bd7 8.Nxc6 Bxc6
9.Bxc6+ bxc6 10.e5 Qa5 11.Bxf6 gxf6 12.exd6 Qe5+ 13.Qe2 Bxd6 14.Qxe5 Bxe5
15.Na4 Rg8 16.g3 Rd8 17.f4 Bc7 18.Ke2 h5 19.Rad1 Rd5 20.c4 Rxd1 21.Rxd1 h4
22.Kf3 f5 23.Nc5 hxg3 24.hxg3 Rh8 25.Kg2 Rg8 26.Rd4 Bb6 27.b4 Bxc5 28.bxc5 Ke7
29.Rd3 Rb8 30.Ra3 Rb4 31.Rxa7+ Ke8 32.Rc7 Rxc4 33.Rxc6 Kd7 34.Ra6 Rxc5 35.Kh3 Rc3
36.Kh4 Ke7  1/2-1/2

[Event "Eger op"]
[Site "Eger"]
[Date "1994.??.??"]
[Round "5"]
[White "Turzo, Attila"]
[Black "Bernal Moro, Luis Javier"]
[Result "0-1"]
[WhiteElo "2245"]
[BlackElo "2390"]

1.e4 c5 2.Nf3 d6 3.d4 cxd4 4.Nxd4 Nf6 5.Nc3 Nc6 6.Bg5 Bd7 7.Qd2 Rc8 8.O-O-O Nxd4
9.Qxd4 Qa5 10.h4 h6 11.Bd2 a6 12.Bc4 Qc5 13.Qxc5 Rxc5 14.Bb3 Ng4 15.Rhf1 e6
16.f3 Ne5 17.Be3 Rc8 18.a4 Be7 19.Kb1 O-O 20.Ne2 b5 21.axb5 Bxb5 22.Rd2 Bxh4
23.Rh1 Be7 24.Nd4 Bc4 25.Bf4 Bxb3 26.Nxb3 Nc4 27.Rd3 Bf6 28.Nd2 Nxb2 29.Rxd6 Na4
30.e5 Be7 31.Rxa6 Nc3+ 32.Kb2 Nd5 33.Ra4 Bb4 34.Nb3 Bc3+ 35.Kb1 Nxf4 36.Rxf4 Bxe5
37.Re4 Bf6 38.c4 Ra8 39.Rh5 Rfb8 40.Re3 Ra3 41.Kc2 Ra2+ 42.Kd1 Rd8+ 43.Ke1 Rc2
44.Kf1 Rxc4 45.Re2 Rb4 46.Nd2 Rb2 47.Ne4 Rd1+ 48.Re1 Rxe1+ 49.Kxe1 Bd4 50.Rh2 f5  0-1

[Event "Eger op"]
[Site "Eger"]
[Date "1994.??.??"]
[Round "6"]
[White "Sziraki, Tamas"]
[Black "Borsos, Bogdan"]
[Result "1/2-1/2"]
[WhiteElo "2260"]
[BlackElo "2315"]

1.e4 c5 2.Nf3 Nc6 3.d4 cxd4 4.Nxd4 Nf6 5.Nc3 d6 6.Bg5 Bd7 7.Qd2 Rc8 8.f4 Nxd4
9.Qxd4 Qa5 10.e5 dxe5 11.fxe5 e6 12.O-O-O Bc6 13.Bc4 Bb4 14.Nb5 Ne4 15.Bh4 Bc5
16.Qd3 O-O 17.Nd4 Bxd4 18.Qxd4 g5 19.Be1 Qc5 20.Qxc5 Nxc5 21.Bb4 Be4 22.Rd4 Bg6
23.Rhd1 Rc7 24.Bb5 Rfc8 25.Rd8+ Rxd8 26.Rxd8+ Kg7 27.c3 h6 28.Kd2 b6 29.Ke3 Bb1
30.a4 a5 31.Ba3 Bc2 32.Rb8 Nxa4 33.Bxa4 Bxa4 34.Rxb6 Bc6  1/2-1/2

[Event "Eger"]
[Site "Eger"]
[Date "1994.??.??"]
[Round "9"]
[White "Feher, Gyula"]
[Black "Varga, Peter"]
[Result "1/2-1/2"]
[WhiteElo "2410"]
[BlackElo "2405"]

1.e4 c5 2.Nf3 Nc6 3.d4 cxd4 4.Nxd4 Nf6 5.Nc3 d6 6.Bg5 e6 7.Qd2 a6 8.O-O-O Bd7
9.f4 Qc7 10.Kb1 Be7 11.Nf3 O-O-O 12.Bd3 Kb8 13.e5 Ng4 14.exd6 Qxd6 15.Ne4 Qc7
16.Bxe7 Nxe7 17.h3 Nf6 18.Neg5 Be8 19.Ne5 Nc6 20.Rhe1 h6 21.Ngf3 Nxe5 22.Nxe5 Bc6
23.Qe2 Rc8 24.g3 Rhd8 25.a3 Be8 26.Qf2  1/2-1/2

[Event "Elenite"]
[Site "Elenite"]
[Date "1994.??.??"]
[Round "8"]
[White "Ermenkov, Evgenij"]
[Black "Epishin, Vladimir"]
[Result "0-1"]
[WhiteElo "2480"]
[BlackElo "2650"]

1.e4 c5 2.Nf3 d6 3.d4 cxd4 4.Nxd4 Nf6 5.Nc3 Nc6 6.Bg5 e6 7.Qd2 Be7 8.O-O-O O-O
9.Nb3 Qb6 10.f3 Rd8 11.Be3 Qc7 12.Qf2 d5 13.exd5 Nxd5 14.Nxd5 Rxd5 15.Rxd5 exd5
16.g4 Ne5 17.Kb1 Nc4 18.Bd4 a5 19.Bd3 a4 20.Nc1 Bd7 21.h4 Bb5 22.Re1 Bb4
23.c3 Bd6 24.Qc2 h6 25.g5 Bf4 26.Bxc4 dxc4 27.g6 Re8 28.Rxe8+ Bxe8 29.Ne2 Bd6
30.h5 fxg6 31.hxg6 Qe7 32.f4 Bc6 33.Kc1 Qe4 34.Qd2 a3 35.Be3 Ba4 36.Ng3 Qxg6
37.Qd5+ Kh7 38.Ne4 Bxf4 39.Bxf4 Qg1+ 40.Kd2 Qd1+  0-1

[Event "RUS-ch"]
[Site "Elista"]
[Date "1994.??.??"]
[Round "2"]
[White "Varavin, Viktor"]
[Black "Makarov, Marat"]
[Result "1/2-1/2"]
[WhiteElo "2510"]
[BlackElo "2525"]

1.e4 c5 2.Nf3 Nc6 3.d4 cxd4 4.Nxd4 Nf6 5.Nc3 d6 6.Bg5 e6 7.Qd2 a6 8.O-O-O h6
9.Be3 Be7 10.f4 Nxd4 11.Bxd4 b5 12.Qe3 Qc7 13.e5 dxe5 14.fxe5 Nd7 15.Ne4 Bb7
16.Nd6+ Qxd6 17.exd6 Bg5 18.Qxg5 hxg5 19.Bxg7 Rh4 20.Bd4 Rc8 21.Rd2 Bd5 22.Be3 f6
23.Bd3 Ne5 24.b3 Kd7 25.Rf1 Rxh2 26.Rxf6 Rxg2 27.Rxg2 Bxg2 28.Kb2 Rg8 29.Be2 Kxd6
30.Rh6 Bf3 31.Bxf3 Nxf3 32.Rh7 g4 33.Ra7 Kd5 34.Rxa6 g3 35.a4 bxa4 36.c4+ Ke5
37.b4 g2 38.b5 g1=Q 39.Bxg1 Rxg1 40.b6 Rg8 41.Ka3 Rb8 42.Kxa4 Nd4 43.Kb4 Kd6
44.c5+ Kd5 45.Ra2 e5 46.Rh2 Ra8 47.b7 Rb8 48.Rh7 Kc6 49.Kc4 Nf3 50.Rh6+ Kxb7
51.Rb6+ Kc7 52.Rxb8 Kxb8 53.Kd5  1/2-1/2

[Event "Eupen op act"]
[Site "Eupen"]
[Date "1994.??.??"]
[Round "7"]
[White "Gofshtein, Leonid D"]
[Black "Penson, Thierry"]
[Result "1-0"]
[WhiteElo "2525"]
[BlackElo "2295"]

1.e4 c5 2.Nf3 Nc6 3.d4 cxd4 4.Nxd4 Nf6 5.Nc3 d6 6.Bg5 Bd7 7.Nb3 e6 8.f3 a6
9.Qd2 h6 10.Be3 Qc7 11.O-O-O Be7 12.g4 Ne5 13.Nd4 b5 14.Bd3 b4 15.Nce2 d5
16.Ng3 Nc4 17.Bxc4 dxc4 18.Qe2 O-O 19.Qg2 b3 20.a3 Rfc8 21.c3 Qa5 22.Kd2 Ba4
23.h4 Nd7 24.g5 h5 25.Nxh5 Nc5 26.Qg4 Nd3 27.Nf6+ Kf8 28.Nxe6+ fxe6 29.Qxe6 Bxf6
30.gxf6  1-0

[Event "FIN-chT"]
[Site "?"]
[Date "1994.??.??"]
[Round "?"]
[White "Jouhki, Yrjo Markus"]
[Black "Luik, Helmuth"]
[Result "1-0"]
[WhiteElo "2230"]
[BlackElo "2295"]

1.e4 c5 2.Nf3 Nc6 3.d4 cxd4 4.Nxd4 Nf6 5.Nc3 d6 6.Bg5 e6 7.Bb5 Bd7 8.Bxc6 Bxc6
9.Nxc6 bxc6 10.e5 Qa5 11.Bxf6 gxf6 12.exd6 Rd8 13.Qf3 Qe5+ 14.Qe4 Bxd6 15.O-O-O Qxe4
16.Nxe4 Bf4+ 17.Kb1 Ke7 18.g3 Bc7 19.c3 Bb6 20.f4 Rd5 21.Kc2 h5 22.c4 Rxd1
23.Rxd1 f5 24.Nd2 h4 25.Nf3 hxg3 26.hxg3 Rh3 27.Ne5 Rxg3 28.Nxc6+ Kf6 29.Ne5 Be3
30.Nd3 Rf3 31.c5 Bxf4 32.b4 Bc7 33.c6 Rh3 34.Nc5 Rh8 35.Rd7 Rc8 36.b5 Bb6
37.Nb7 f4 38.Nd6 Rf8 39.c7 Bxc7 40.Rxc7 Rd8 41.Rxf7+ Kg6 42.Nb7 Rb8 43.Rc7 f3
44.Kd3 Rf8 45.Rc1 Rb8 46.Nc5 Rxb5 47.Nb3 a5 48.Rf1 a4 49.Nc1 Rc5 50.Kd2 Rf5
51.Ke3 Kf6 52.Rxf3 Rxf3+ 53.Kxf3 Ke5 54.Ke3 Kd5 55.Kd3 Kc5 56.Kc3 Kb5 57.Nd3 e5
58.Nxe5  1-0

[Event "FIN-chT"]
[Site "?"]
[Date "1994.??.??"]
[Round "?"]
[White "Paavilainen, Jorma"]
[Black "Pulkkinen, Kari"]
[Result "1/2-1/2"]
[WhiteElo "2320"]
[BlackElo "2360"]

1.e4 c5 2.Nf3 d6 3.d4 cxd4 4.Nxd4 Nf6 5.Nc3 Nc6 6.Bg5 e6 7.Qd2 a6 8.O-O-O Bd7
9.Be2 b5 10.Nxc6 Bxc6 11.Qe3 h6 12.Bh4 b4 13.Bxf6 gxf6 14.Nd5  1/2-1/2

[Event "FIN-chT"]
[Site "?"]
[Date "1994.??.??"]
[Round "?"]
[White "Pirttimaki, Timo"]
[Black "Veingold, Aleksandr"]
[Result "1-0"]
[WhiteElo "2285"]
[BlackElo "2465"]

1.e4 c5 2.Nf3 d6 3.d4 cxd4 4.Nxd4 Nf6 5.Nc3 Nc6 6.Bg5 e6 7.Qd2 Be7 8.Be2 a6
9.O-O h6 10.Bh4 Bd7 11.Kh1 b5 12.a3 Qb6 13.Nxc6 Bxc6 14.Bxf6 gxf6 15.f4 h5
16.Bf3 h4 17.Ne2 Rc8 18.Nd4 Bb7 19.h3 Bf8 20.e5 dxe5 21.Bxb7 Qxb7 22.fxe5 fxe5
23.Nf3 f6 24.Rad1 Be7 25.c3 Rc4 26.Qd3 Rh6 27.Nd2 Rc6 28.Qe3 Rg6 29.Qe4 Rg7
30.Nf3 Rc7 31.Qxh4 Rf7 32.Qh5 Bf8 33.Nh4 Rd7 34.Rxd7 Qxd7 35.Rxf6 e4 36.Ng6 Qd2
37.Ne5 Bc5 38.Rxf7  1-0

[Event "Formia op"]
[Site "Formia"]
[Date "1994.??.??"]
[Round "4"]
[White "Palac, Mladen"]
[Black "Grosar, Aljosa"]
[Result "1-0"]
[WhiteElo "2505"]
[BlackElo "2435"]

1.e4 c5 2.Nf3 d6 3.d4 cxd4 4.Nxd4 Nf6 5.Nc3 Nc6 6.Bg5 e6 7.Qd2 a6 8.O-O-O Bd7
9.f4 b5 10.Bxf6 gxf6 11.f5 Nxd4 12.Qxd4 Bh6+ 13.Kb1 Bf4 14.fxe6 fxe6 15.Ne2 Be5
16.Qd2 Qb6 17.Nf4 Ke7 18.Nd3 Qd4 19.Be2 Rab8 20.Qh6 Rbg8 21.Bf3 b4 22.Rd2 Rg6
23.Nxe5 Qxe5 24.Qh4 Qg5 25.Qf2 Qc5 26.e5 fxe5 27.Qh4+ Rf6 28.Rhd1 Rc8 29.Qxh7+ Rf7
30.Qh4+ Rf6 31.Bb7 Rf8 32.Rxd6 Qxd6 33.Rxd6 Kxd6 34.Qxb4+ Kc7 35.Bf3 Bc6
36.Qe7+ Kb6 37.b3 Bxf3 38.gxf3 Kc6 39.Qa7 Rxf3 40.Qxa6+ Kd5 41.a4 e4 42.Qc4+ Kd6
43.Qd4+ Ke7 44.Qxe4 R8f5 45.a5 R3f4 46.Qb7+ Kf6 47.a6 Rf1+ 48.Kb2 Ra5 49.b4 Ra4
50.b5 Rfa1 51.Qf3+ Ke7 52.Qb3  1-0

[Event "FRA-chT "]
[Site "FRA"]
[Date "1994.??.??"]
[Round "4"]
[White "Marciano, David"]
[Black "Wauters, Alain"]
[Result "1/2-1/2"]
[WhiteElo "2405"]
[BlackElo "2210"]

1.e4 c5 2.Nf3 d6 3.d4 cxd4 4.Nxd4 Nf6 5.Nc3 Nc6 6.Bg5 e6 7.Qd2 Be7 8.O-O-O O-O
9.f4 Nxd4 10.Qxd4 Qa5 11.Bc4 Bd7 12.e5 dxe5 13.fxe5 Bc6 14.Bd2 Nd7 15.Nd5 Qc5
16.Nxe7+ Qxe7 17.Rhe1 Rfc8 18.Qg4 Nf8 19.Bd3 Ng6 20.g3 a5 21.h4 Qf8 22.Kb1 b5
23.Bg5 b4 24.Bxg6 hxg6 25.Rd6 f5 26.Qd4 Qf7 27.Rc1 Bd5 28.c4 bxc3 29.Rxc3 Rxc3
30.Qxc3  1/2-1/2

[Event "FRA-chT "]
[Site "FRA"]
[Date "1994.??.??"]
[Round "7"]
[White "Santo Roman, Marc"]
[Black "Berthelot, Yannick"]
[Result "0-1"]
[WhiteElo "2440"]
[BlackElo "2270"]

1.e4 c5 2.Nf3 Nc6 3.d4 cxd4 4.Nxd4 Nf6 5.Nc3 d6 6.Bg5 e6 7.Qd2 a6 8.O-O-O h6
9.Be3 Ng4 10.Nxc6 bxc6 11.Bc5 d5 12.Bxf8 Kxf8 13.f3 Nf6 14.Na4 Qd6 15.Nb6 Rb8
16.Nxc8 Rxc8 17.Bxa6 Ra8 18.Bc4 Ke7 19.Rhe1 Qc5 20.Bb3 Rhb8 21.Qe3 Qb5 22.exd5 cxd5
23.g4 Kf8 24.h4 Nd7 25.g5 hxg5 26.hxg5 Nc5 27.Qd4 Qb6 28.Rh1 Nxb3+ 29.cxb3 Rxa2
30.Rh8+ Ke7 31.Rxb8 Qxb8 32.Qxg7 Qxb3 33.Qf6+ Ke8 34.Qh8+ Kd7 35.Kb1 Qa4  0-1

[Event "FRA-chT "]
[Site "FRA"]
[Date "1994.??.??"]
[Round "8"]
[White "Petit, Rene"]
[Black "Levacic, Damir"]
[Result "1/2-1/2"]
[WhiteElo "1940"]
[BlackElo "2330"]

1.e4 c5 2.Nf3 Nc6 3.d4 cxd4 4.Nxd4 Nf6 5.Nc3 d6 6.Bg5 e6 7.Qd2 Be7 8.O-O-O Nxd4
9.Qxd4 O-O 10.Kb1 Qa5 11.Bd2 Qc7 12.f4 a6 13.h3 b5 14.Bd3 e5 15.Qf2 Bb7 16.Qf3 Rac8
17.g4 b4 18.Nd5 Nxd5 19.exd5 Qa5 20.Qe4 f5 21.Qxb4 Qxb4 22.Bxb4 e4 23.Be2 fxg4
24.Bxg4 Rc4 25.Be6+ Kh8 26.Bd2 Bh4 27.b3 Rc7 28.c4 Bf2 29.f5 Bc8 30.Bb4 Bg3
31.Rhg1 Be5 32.Rg4 Rxf5 33.Rxe4 Rf6 34.Rxe5 dxe5 35.d6 Rd7 36.Bxd7 Bxd7 37.c5 Rf7
38.Re1 e4 39.Kb2 Bc6 40.Bd2 Kg8 41.Kc3 Rf5  1/2-1/2

[Event "Frydek-Mistek op"]
[Site "Frydek-Mistek"]
[Date "1994.??.??"]
[Round "?"]
[White "Chernyshov, Konstantin"]
[Black "Petrienko, Vladimir"]
[Result "1/2-1/2"]
[WhiteElo "2485"]
[BlackElo "2450"]

1.e4 c5 2.Nf3 d6 3.d4 cxd4 4.Nxd4 Nf6 5.Nc3 Nc6 6.Bg5 Qb6 7.Nb3 e6 8.Be2 a6
9.O-O Be7 10.Be3 Qc7 11.f4 b5 12.a3 Bb7 13.Bf3 O-O 14.Qe2 Rac8 15.Rad1 Nd7
16.Kh1 Rfe8 17.Rd2 Rb8 18.Bg4 Nf6 19.Bf3 Nd7 20.Bg4 Nf6 21.Bf3  1/2-1/2

[Event "Garmisch"]
[Site "Garmisch"]
[Date "1994.??.??"]
[Round "1"]
[White "Kindermann, Stefan"]
[Black "Kortschnoj, Viktor"]
[Result "1/2-1/2"]
[WhiteElo "2560"]
[BlackElo "2615"]

1.e4 c5 2.Nf3 d6 3.d4 cxd4 4.Nxd4 Nf6 5.Nc3 Nc6 6.Bg5 e6 7.Qd2 a6 8.O-O-O h6
9.Be3 Nxd4 10.Bxd4 b5 11.f3 Be7 12.Bd3 e5 13.Be3 Be6 14.Kb1 Rb8 15.Ne2 d5
16.Ng3 d4 17.Bf2 Qc7 18.Ne2 b4 19.f4 Qa5 20.b3 Ng4 21.Bg1 Bc5 22.fxe5 Ne3
23.Nxd4 Nxd1 24.Qxd1 Qb6 25.Nxe6 fxe6 26.Qh5+ Ke7 27.Qg6 Rhg8 28.Bxc5+ Qxc5
29.Rf1 Rbf8 30.Rxf8 Rxf8 31.Qxg7+ Rf7 32.Qxh6 Qxe5 33.Qh4+ Kd7 34.Qe1 a5
35.g3 Qd4 36.Qd1 Kc7 37.Qh5 Qg1+ 38.Kb2 Qd4+  1/2-1/2

[Event "Gausdal Int"]
[Site "Gausdal"]
[Date "1994.??.??"]
[Round "5"]
[White "Thorhallsson, Throstur"]
[Black "Glenne, Bjorn Erik"]
[Result "1/2-1/2"]
[WhiteElo "2460"]
[BlackElo "2250"]

1.e4 c5 2.Nf3 Nc6 3.d4 cxd4 4.Nxd4 Nf6 5.Nc3 d6 6.Bg5 e6 7.Qd2 Be7 8.O-O-O Nxd4
9.Qxd4 O-O 10.f4 Qa5 11.Bc4 a6 12.Kb1 d5 13.exd5 Bc5 14.Qd3 Ng4 15.Ne4 exd5
16.Qxd5 Be6 17.Qxc5 Qxc5 18.Nxc5 Bxc4 19.Rd2 f6 20.Bh4 Rf7 21.h3 Ne3 22.Re1 Nf5
23.Bf2 Bb5 24.g4 Nh6 25.Ne6 Re8 26.f5 Rd7 27.Red1 Rxd2 28.Rxd2 Nf7 29.h4 Ne5
30.Rd4 Bc6 31.Bg3 Nf3 32.Rd6 Re7 33.Rd8+ Re8 34.Rd1 h5 35.gxh5 Be4 36.Nf4 Rc8
37.Nd3 Bxf5 38.Bf2 Ne5 39.Bg3 Nxd3 40.cxd3 Bg4 41.Re1 Kf7  1/2-1/2

[Event "Gausdal Int"]
[Site "Gausdal"]
[Date "1994.??.??"]
[Round "8"]
[White "Ernst, Thomas"]
[Black "Lyrberg, Patrik"]
[Result "1/2-1/2"]
[WhiteElo "2485"]
[BlackElo "2405"]

1.e4 c5 2.Nf3 Nc6 3.d4 cxd4 4.Nxd4 Nf6 5.Nc3 d6 6.Bg5 Bd7 7.Qd2 Rc8 8.O-O-O Nxd4
9.Qxd4 Qa5 10.f4 h6 11.Bh4 g5 12.e5 gxh4 13.exf6 e6 14.Be2 Qc5 15.Bf3 Qxd4
16.Rxd4 Bc6 17.Re1 Kd7 18.Bh5 Rh7 19.f5 exf5 20.Rf4 Re8 21.Rxe8 Kxe8 22.Rxf5 Bxg2
23.Rf2 h3 24.Re2+ Kd8 25.Kb1 d5 26.Nxd5 Bd6 27.Ne3 Bxh2 28.Nxg2 hxg2 29.Rxg2 Be5
30.Rg7  1/2-1/2

[Event "Peer Gynt"]
[Site "Gausdal"]
[Date "1994.??.??"]
[Round "9"]
[White "Luther, Thomas"]
[Black "Degerman, Lars"]
[Result "1/2-1/2"]
[WhiteElo "2510"]
[BlackElo "2475"]

1.e4 c5 2.Nf3 d6 3.d4 cxd4 4.Nxd4 Nf6 5.Nc3 Nc6 6.Bg5 e6 7.Qd2 Be7 8.O-O-O O-O
9.f4 Nxd4 10.Qxd4 Qa5 11.Kb1 Rd8 12.Qd2 h6 13.h4 b5 14.Bd3 b4 15.Ne2 e5 16.f5 d5
17.Bxf6  1/2-1/2

[Event "Geneve op"]
[Site "Geneve"]
[Date "1994.??.??"]
[Round "1"]
[White "Olivier, Jean Christophe"]
[Black "Tukmakov, Vladimir B"]
[Result "0-1"]
[WhiteElo "2230"]
[BlackElo "2570"]

1.e4 c5 2.Nf3 d6 3.d4 cxd4 4.Nxd4 Nf6 5.Nc3 Nc6 6.Bg5 e6 7.Qd2 a6 8.O-O-O Bd7
9.f4 h6 10.Bh4 g5 11.fxg5 Ng4 12.Nf3 hxg5 13.Bg3 Be7 14.Kb1 Nge5 15.Bd3 Rc8
16.Ne2 Bf6 17.Rhf1 Rh7 18.Ned4 Nxd4 19.Nxd4 Bc6 20.Nf3 Nxd3 21.cxd3 g4 22.Ng1 Ba4
23.Rc1 Rxc1+ 24.Rxc1 Bb5 25.Rd1 Qb6 26.Ka1 Rh5 27.Ne2 Rc5 28.Bf2 Bxd3 29.Bxc5 dxc5
30.Nc3 c4 31.Qf4 Bd4 32.e5 Qc5 33.Re1 Bf5 34.Na4 Qd5 35.Nc3 Qc5 36.Na4 Qa5
37.Rd1 Bxe5 38.Qxc4 Qc7 39.Qxc7 Bxc7 40.Nc5 b6 41.Nxa6 Bxh2 42.Nb4 Be4 43.Rd2 f5
44.Nd3 Ke7 45.a4 Bd6 46.b3 e5 47.Kb2 Bxd3 48.Rxd3 e4 49.Rd5 f4 50.Kc2 f3
51.Rd4 Be5 52.gxf3 Bxd4 53.fxg4 Kf6 54.b4 Kg5  0-1

[Event "Geneve op"]
[Site "Geneve"]
[Date "1994.??.??"]
[Round "8"]
[White "Olivier, Jean Christophe"]
[Black "De la Rosa, Damian"]
[Result "1-0"]
[WhiteElo "2230"]
[BlackElo "2070"]

1.e4 c5 2.Nf3 d6 3.d4 cxd4 4.Nxd4 Nf6 5.Nc3 Nc6 6.Bg5 e6 7.Qd2 a6 8.O-O-O Bd7
9.f4 h6 10.Bh4 Nxe4 11.Qe1 Nf6 12.Nf5 Qa5 13.Nxd6+ Bxd6 14.Rxd6 O-O-O 15.Bxf6 gxf6
16.Qh4 Nb4 17.a3 Nxc2 18.Qxf6 Nxa3 19.Rd1 Nb5 20.Rxd7 Kxd7 21.Bxb5+ axb5
22.Qxf7+ Kc8 23.Qxe6+ Kb8 24.Qe5+ Qc7 25.Qxc7+ Kxc7 26.Nxb5+ Kc6 27.Nc3 Rhe8
28.Rd1 Rd6 29.Kc2 Rxd1 30.Kxd1 Kc5 31.Kd2 b5 32.Ne2 Kc4 33.g4 b4 34.h4 Kb3
35.g5 hxg5 36.hxg5 Rg8 37.Kc1 Rc8+ 38.Kd2 Kxb2 39.Nd4 Rd8 40.Kd3 b3 41.Ke4 Rxd4+
42.Kxd4 Kc2 43.g6 b2 44.g7 b1=Q 45.g8=Q Qb6+ 46.Ke4 Qb4+ 47.Kf3 Qb7+ 48.Kg3 Kd3
49.Qg6+ Kc4 50.Qe6+ Kd3 51.f5  1-0

[Event "Sas van Gent"]
[Site "Gent"]
[Date "1994.??.??"]
[Round "6"]
[White "Van Laatum, Gozewijn"]
[Black "Cardon, Helmut"]
[Result "1-0"]
[WhiteElo "2410"]
[BlackElo "2380"]

1.e4 c5 2.Nf3 Nc6 3.d4 cxd4 4.Nxd4 Nf6 5.Nc3 d6 6.Bg5 e6 7.Qd2 a6 8.O-O-O Bd7
9.f3 b5 10.h4 h6 11.Be3 Ne5 12.Bd3 b4 13.Nce2 d5 14.exd5 Nxd5 15.Nf4 Nxe3
16.Qxe3 Bd6 17.Nb3 Qc7 18.Nh5 O-O 19.Kb1 a5 20.f4 Ng4 21.Qd4 e5 22.Qxd6 Qxd6
23.Bh7+ Kxh7 24.Rxd6 a4 25.Rxd7 axb3 26.axb3 e4 27.Ng3 e3 28.Rd4 Rfb8 29.f5 Nf2
30.Re1 Ra5 31.Rxe3 Rba8 32.c3 bxc3 33.Rxc3 Ra1+ 34.Kc2 Rg1 35.b4 Raa1 36.Rd2 Rgc1+
37.Kb3 Nd1 38.Rxc1 Rxc1 39.Ne2 Ra1 40.b5 Ne3 41.Nd4 Ra8 42.Re2 Nd5 43.Re5 Nb6
44.Rc5 Rd8 45.Nc6 Rd2 46.g4 Rg2 47.Ne5 Re2 48.Nc4 Nd7 49.Rd5 Nf6 50.Rd4 Re7
51.b6 Nd7 52.Kb4 Nb8 53.Kb5 Re8 54.b4 h5 55.g5 f6 56.gxf6 gxf6 57.b7 Re7
58.Kb6 Nd7+ 59.Rxd7  1-0